000 01152nas a2200385 4500
001 BR0804481
003 BR-BrBNA
005 20231205112347.0
007 ta
008 230509b bl.|||p| |||| 00| 00por d
040 _aBR-BrBNA
_bpor
_cBiblioteca Nacional de Agricultura
041 _a(Pt)
072 _aL02
100 1 _aAlves, A.C. do N.
100 1 _aMattos, W.R.S.
100 1 _aSantos, P.F.A.
100 1 _aLima, M.L.P.
100 1 _aPaz, C.C.P. de
100 1 _aPedroso, A.M.
245 1 _aSubstituição parcial de silagem de milho por farelo de glúten de milho desidratado na alimentação de vacas holandesas em lactação
650 _aGADO HOLANDÊS
650 _aVACA
650 _aLACTAÇÃO
650 _aSILAGEM
650 _aMIHO
650 _aFARELO
650 _aGLÚTEN
650 _aNUTRIÇÃO ANIMAL
650 _aBIOQUÍMICA ANIMAL
650 _aLEITE
650 _aCOMPOSIÇÃO DE ALIMENTO
773 0 _tRevista Brasileira de Zootecnia (Brazil)
_xISSN 1516-3598
_g(Sep-Oct 2007), v. 36(5)suplemento p. 1590-1596
_wBR0804481
909 _a202311
_bLúcia
_c55
_dLúcia Elande
942 _2AGRIS
_n0
_cANA
999 _c197628
_d197628